000
00290nam a22001217a 4500
008
171030b xxu||||| |||| 00| 0 eng d
041
_a
eng
080
_a
336
100
_a
56
101
_a
FIN
245
_a
ACCOUTING FOR A SIMPLIFIED FIRM OWNING ASSETS
_c
ROBERT.R.S
942
_2
udc
_c
BK
999
_c
36333
_d
36333